000 00707nam a2200217Ia 4500
005 20241129111117.0
008 241129s9999||||xx |||||||||||||| ||und||
020 _a978-0-691-23916-3
037 _aTB
040 _aCRL
_beng
_cCRL
041 _aeng
_2eng
084 _aV2:196.P R4
_qCRL
100 _aNagalaxmi M. Raman Ed.; Sinha Neha Ed.
_9723354
245 0 _aSynergising India Africa relations: contemporary realities and emerging prospects
_cNagalaxmi M. Raman Ed.; Sinha Neha Ed.
260 _aNew Delhi, India
_bPentagon Press
_c2024
300 _ax,266p.
365 _aINR
_b995
650 _aIndian HistoryForeign Policy
942 _cTB
_hV2:196.P R4
999 _c1228976
_d1228976